00810nam a2200241 a 450000100060000000300090000600500170001500800410003202000180007304000280009104100130011908200160013210000280014824501950017625000120037126000360038330000270041950000230044650400400046965000180050970000280052785200130055524880CO-ViMGA20230915232022.0141112s2004 ck r 000 u spa d a9786077854852 aCO-ViMGAbspacCO-ViMGA aspa eng04a155.2 F71t1 aFrager, Robert, 1940 - 10aTeorías de la personalidad / cRobert Frager, James Fadiman ; traducción Arturo Aparicio Vásquez ... [et al.] ; revisión técnica Enrique Gutiérrez, María Elena Ortíz Salinas. a6a. ed. aMéxico : bAlfaomega, c2010. a481 p. : il. ; 26 cm. aIncluye glosarios. aIncluye bibliografías e índice.14aPersonalidad.1 aFadiman, James, 1939 -  10.688.30